| 000 | 00462cam a2200181ua 4500 | ||
|---|---|---|---|
| 001 | 13677 | ||
| 008 | 141208n2006 II |||gr||||Z||||||eng | ||
| 040 | _aMAIN | ||
| 041 | _aEnglish | ||
| 082 | _a080 LAL | ||
| 100 | _aLAL. | ||
| 245 | _aEMPOLYEES STATE INSURANCE CO . -LOWER DIVISION CLERKS & STENOGRAPHERS RECRUITMENT EXAM | ||
| 260 |
_aAGRA _bUPKAR PUBLICATION _c2006 |
||
| 300 | _a1-P. | ||
| 653 | _aGeneral collections | ||
| 700 | _aJAIN. | ||
| 942 | _cBK | ||
| 999 |
_c13564 _d13564 |
||